000 00279nam a22001337a 4500
008 170801b xxu||||| |||| 00| 0 eng d
020 _a9781449397494
041 _aeng
080 _a004
100 _a32
101 _aSHK
245 _aMAC OSX LION
_cPOGUE,D
942 _2udc
_cBK
999 _c22332
_d22332